<?xml version="1.0" encoding="UTF-8"?>
<record
    xmlns:xsi="http://www.w3.org/2001/XMLSchema-instance"
    xsi:schemaLocation="http://www.loc.gov/MARC21/slim http://www.loc.gov/standards/marcxml/schema/MARC21slim.xsd"
    xmlns="http://www.loc.gov/MARC21/slim">

  <leader>00756cam a22002292  4500</leader>
  <controlfield tag="001">0000020871</controlfield>
  <controlfield tag="005">20151217152223.0</controlfield>
  <controlfield tag="008">111025s         xx           000 0 eng d</controlfield>
  <datafield tag="020" ind1=" " ind2=" ">
    <subfield code="a">9966744827 :</subfield>
  </datafield>
  <datafield tag="040" ind1=" " ind2=" ">
    <subfield code="a">KABU</subfield>
    <subfield code="c">KABU</subfield>
  </datafield>
  <datafield tag="100" ind1="1" ind2=" ">
    <subfield code="a">Kanyeihamba, GW.</subfield>
    <subfield code="@">0000181505</subfield>
  </datafield>
  <datafield tag="245" ind1="1" ind2="0">
    <subfield code="a">Kanyeihamba's commentaries on law, politics and governance /</subfield>
    <subfield code="c">GW Kanyeihamba.</subfield>
  </datafield>
  <datafield tag="250" ind1=" " ind2=" ">
    <subfield code="a">1st ed.</subfield>
  </datafield>
  <datafield tag="260" ind1=" " ind2=" ">
    <subfield code="a">Nairobi, Kenya :</subfield>
    <subfield code="b">LawAfrica,</subfield>
    <subfield code="c">2006.</subfield>
  </datafield>
  <datafield tag="300" ind1=" " ind2=" ">
    <subfield code="a">x, 162 p.</subfield>
  </datafield>
  <datafield tag="650" ind1=" " ind2="0">
    <subfield code="a">Justice, Administration of </subfield>
    <subfield code="z">Uganda.</subfield>
    <subfield code="@">0000181519</subfield>
  </datafield>
  <datafield tag="650" ind1=" " ind2="0">
    <subfield code="a">Constitutional law</subfield>
    <subfield code="z">Uganda.</subfield>
    <subfield code="@">0000181520</subfield>
  </datafield>
  <datafield tag="651" ind1=" " ind2="0">
    <subfield code="a">Uganda</subfield>
    <subfield code="x">Politics and governance</subfield>
    <subfield code="y">1979 -.</subfield>
    <subfield code="@">0000181521</subfield>
  </datafield>
  <datafield tag="852" ind1="1" ind2=" ">
    <subfield code="9">p975 KES</subfield>
  </datafield>
  <datafield tag="908" ind1=" " ind2=" ">
    <subfield code="a">111025</subfield>
  </datafield>
  <datafield tag="950" ind1=" " ind2=" ">
    <subfield code="@">1</subfield>
  </datafield>
  <datafield tag="999" ind1=" " ind2=" ">
    <subfield code="c">9534</subfield>
    <subfield code="d">9534</subfield>
  </datafield>
  <datafield tag="952" ind1=" " ind2=" ">
    <subfield code="0">0</subfield>
    <subfield code="1">0</subfield>
    <subfield code="2">lcc</subfield>
    <subfield code="7">0</subfield>
    <subfield code="a">KABU</subfield>
    <subfield code="b">KABU</subfield>
    <subfield code="d">2015-12-17</subfield>
    <subfield code="l">1</subfield>
    <subfield code="o">KTW46.8 .K36 2006 c.2</subfield>
    <subfield code="p">19689</subfield>
    <subfield code="r">2017-09-25 00:00:00</subfield>
    <subfield code="s">2017-09-14</subfield>
    <subfield code="w">2015-12-17</subfield>
    <subfield code="y">BK</subfield>
  </datafield>
  <datafield tag="952" ind1=" " ind2=" ">
    <subfield code="0">0</subfield>
    <subfield code="1">0</subfield>
    <subfield code="2">lcc</subfield>
    <subfield code="7">0</subfield>
    <subfield code="a">KABU</subfield>
    <subfield code="b">KABU</subfield>
    <subfield code="d">2015-12-17</subfield>
    <subfield code="l">0</subfield>
    <subfield code="o">KTW46.8 .K36 2006 c.1</subfield>
    <subfield code="p">19686</subfield>
    <subfield code="r">2015-12-17 00:00:00</subfield>
    <subfield code="w">2015-12-17</subfield>
    <subfield code="y">AFRI</subfield>
  </datafield>
  <datafield tag="952" ind1=" " ind2=" ">
    <subfield code="0">0</subfield>
    <subfield code="1">0</subfield>
    <subfield code="2">lcc</subfield>
    <subfield code="7">0</subfield>
    <subfield code="a">KABU</subfield>
    <subfield code="b">KABU</subfield>
    <subfield code="d">2015-12-17</subfield>
    <subfield code="i">2015/1550</subfield>
    <subfield code="l">0</subfield>
    <subfield code="o">KTW46.8 .K36 2006 c.1</subfield>
    <subfield code="p">019122</subfield>
    <subfield code="r">2017-09-27 00:00:00</subfield>
    <subfield code="t">c.11</subfield>
    <subfield code="w">2015-12-17</subfield>
    <subfield code="y">BK</subfield>
  </datafield>
  <datafield tag="952" ind1=" " ind2=" ">
    <subfield code="0">0</subfield>
    <subfield code="1">0</subfield>
    <subfield code="2">lcc</subfield>
    <subfield code="7">0</subfield>
    <subfield code="a">KABU</subfield>
    <subfield code="b">KABU</subfield>
    <subfield code="d">2015-12-17</subfield>
    <subfield code="i">2015/1547</subfield>
    <subfield code="l">0</subfield>
    <subfield code="o">KTW46.8 .K36 2006 c.9</subfield>
    <subfield code="p">019119</subfield>
    <subfield code="r">2017-09-27 00:00:00</subfield>
    <subfield code="t">c.9</subfield>
    <subfield code="w">2015-12-17</subfield>
    <subfield code="y">BK</subfield>
  </datafield>
  <datafield tag="952" ind1=" " ind2=" ">
    <subfield code="0">0</subfield>
    <subfield code="1">0</subfield>
    <subfield code="2">lcc</subfield>
    <subfield code="7">0</subfield>
    <subfield code="a">KABU</subfield>
    <subfield code="b">KABU</subfield>
    <subfield code="d">2015-12-17</subfield>
    <subfield code="i">2015/1555</subfield>
    <subfield code="l">1</subfield>
    <subfield code="o">KTW46.8 .K36 2006 c.1</subfield>
    <subfield code="p">019115</subfield>
    <subfield code="r">2021-10-04 00:00:00</subfield>
    <subfield code="s">2021-09-16</subfield>
    <subfield code="t">c.1</subfield>
    <subfield code="w">2015-12-17</subfield>
    <subfield code="y">BK</subfield>
  </datafield>
  <datafield tag="952" ind1=" " ind2=" ">
    <subfield code="0">0</subfield>
    <subfield code="1">0</subfield>
    <subfield code="2">lcc</subfield>
    <subfield code="7">0</subfield>
    <subfield code="a">KABU</subfield>
    <subfield code="b">KABU</subfield>
    <subfield code="d">2015-12-17</subfield>
    <subfield code="i">2015/1553</subfield>
    <subfield code="l">0</subfield>
    <subfield code="o">KTW46.8 .K36 2006 c.4</subfield>
    <subfield code="p">019107</subfield>
    <subfield code="r">2017-09-27 00:00:00</subfield>
    <subfield code="t">c.4</subfield>
    <subfield code="w">2015-12-17</subfield>
    <subfield code="y">BK</subfield>
  </datafield>
  <datafield tag="952" ind1=" " ind2=" ">
    <subfield code="0">0</subfield>
    <subfield code="1">0</subfield>
    <subfield code="2">lcc</subfield>
    <subfield code="7">0</subfield>
    <subfield code="a">KABU</subfield>
    <subfield code="b">KABU</subfield>
    <subfield code="d">2015-12-17</subfield>
    <subfield code="i">2015/1542</subfield>
    <subfield code="l">0</subfield>
    <subfield code="o">KTW46.8 .K36 2006 c.14</subfield>
    <subfield code="p">019124</subfield>
    <subfield code="r">2017-09-27 00:00:00</subfield>
    <subfield code="t">c.14</subfield>
    <subfield code="w">2015-12-17</subfield>
    <subfield code="y">BK</subfield>
  </datafield>
  <datafield tag="952" ind1=" " ind2=" ">
    <subfield code="0">0</subfield>
    <subfield code="1">0</subfield>
    <subfield code="2">lcc</subfield>
    <subfield code="7">0</subfield>
    <subfield code="a">KABU</subfield>
    <subfield code="b">KABU</subfield>
    <subfield code="d">2015-12-17</subfield>
    <subfield code="i">2015/1543</subfield>
    <subfield code="l">0</subfield>
    <subfield code="o">KTW46.8 .K36 2006 c.20</subfield>
    <subfield code="p">019123</subfield>
    <subfield code="r">2017-09-27 00:00:00</subfield>
    <subfield code="t">c.20</subfield>
    <subfield code="w">2015-12-17</subfield>
    <subfield code="y">BK</subfield>
  </datafield>
  <datafield tag="952" ind1=" " ind2=" ">
    <subfield code="0">0</subfield>
    <subfield code="1">0</subfield>
    <subfield code="2">lcc</subfield>
    <subfield code="7">0</subfield>
    <subfield code="a">KABU</subfield>
    <subfield code="b">KABU</subfield>
    <subfield code="d">2015-12-17</subfield>
    <subfield code="i">2015/1557</subfield>
    <subfield code="l">0</subfield>
    <subfield code="o">KTW46.8 .K36 2006 c.6</subfield>
    <subfield code="p">019110</subfield>
    <subfield code="r">2017-09-27 00:00:00</subfield>
    <subfield code="t">c.6</subfield>
    <subfield code="w">2015-12-17</subfield>
    <subfield code="y">BK</subfield>
  </datafield>
  <datafield tag="952" ind1=" " ind2=" ">
    <subfield code="0">0</subfield>
    <subfield code="1">0</subfield>
    <subfield code="2">lcc</subfield>
    <subfield code="7">0</subfield>
    <subfield code="a">KABU</subfield>
    <subfield code="b">KABU</subfield>
    <subfield code="d">2015-12-17</subfield>
    <subfield code="i">2015/1551</subfield>
    <subfield code="l">0</subfield>
    <subfield code="o">KTW46.8 .K36 2006 c.12</subfield>
    <subfield code="p">019106</subfield>
    <subfield code="r">2017-09-27 00:00:00</subfield>
    <subfield code="t">c.12</subfield>
    <subfield code="w">2015-12-17</subfield>
    <subfield code="y">BK</subfield>
  </datafield>
  <datafield tag="952" ind1=" " ind2=" ">
    <subfield code="0">0</subfield>
    <subfield code="1">0</subfield>
    <subfield code="2">lcc</subfield>
    <subfield code="7">0</subfield>
    <subfield code="a">KABU</subfield>
    <subfield code="b">KABU</subfield>
    <subfield code="d">2015-12-17</subfield>
    <subfield code="i">2015/1545</subfield>
    <subfield code="l">0</subfield>
    <subfield code="o">KTW46.8 .K36 2006 c.10</subfield>
    <subfield code="p">019117</subfield>
    <subfield code="r">2017-09-27 00:00:00</subfield>
    <subfield code="t">c.10</subfield>
    <subfield code="w">2015-12-17</subfield>
    <subfield code="y">BK</subfield>
  </datafield>
  <datafield tag="952" ind1=" " ind2=" ">
    <subfield code="0">0</subfield>
    <subfield code="1">0</subfield>
    <subfield code="2">lcc</subfield>
    <subfield code="7">0</subfield>
    <subfield code="a">KABU</subfield>
    <subfield code="b">KABU</subfield>
    <subfield code="d">2015-12-17</subfield>
    <subfield code="i">2015/1548</subfield>
    <subfield code="l">1</subfield>
    <subfield code="o">KTW46.8 .K36 2006 c.8</subfield>
    <subfield code="p">019116</subfield>
    <subfield code="r">2017-10-09 00:00:00</subfield>
    <subfield code="s">2017-09-28</subfield>
    <subfield code="t">c.8</subfield>
    <subfield code="w">2015-12-17</subfield>
    <subfield code="y">BK</subfield>
  </datafield>
  <datafield tag="952" ind1=" " ind2=" ">
    <subfield code="0">0</subfield>
    <subfield code="1">0</subfield>
    <subfield code="2">lcc</subfield>
    <subfield code="7">0</subfield>
    <subfield code="a">KABU</subfield>
    <subfield code="b">KABU</subfield>
    <subfield code="d">2015-12-17</subfield>
    <subfield code="i">2015/1558</subfield>
    <subfield code="l">0</subfield>
    <subfield code="o">KTW46.8 .K36 2006 c.7</subfield>
    <subfield code="p">019109</subfield>
    <subfield code="r">2017-09-27 00:00:00</subfield>
    <subfield code="t">c.7</subfield>
    <subfield code="w">2015-12-17</subfield>
    <subfield code="y">BK</subfield>
  </datafield>
  <datafield tag="952" ind1=" " ind2=" ">
    <subfield code="0">0</subfield>
    <subfield code="1">0</subfield>
    <subfield code="2">lcc</subfield>
    <subfield code="7">0</subfield>
    <subfield code="a">KABU</subfield>
    <subfield code="b">KABU</subfield>
    <subfield code="d">2015-12-17</subfield>
    <subfield code="i">2015/1556</subfield>
    <subfield code="l">0</subfield>
    <subfield code="o">KTW46.8 .K36 2006 c.5</subfield>
    <subfield code="p">019118</subfield>
    <subfield code="r">2017-09-27 00:00:00</subfield>
    <subfield code="t">c.5</subfield>
    <subfield code="w">2015-12-17</subfield>
    <subfield code="y">BK</subfield>
  </datafield>
  <datafield tag="952" ind1=" " ind2=" ">
    <subfield code="0">0</subfield>
    <subfield code="1">0</subfield>
    <subfield code="2">lcc</subfield>
    <subfield code="7">0</subfield>
    <subfield code="a">KABU</subfield>
    <subfield code="b">KABU</subfield>
    <subfield code="d">2015-12-17</subfield>
    <subfield code="i">2015/1552</subfield>
    <subfield code="l">0</subfield>
    <subfield code="o">KTW46.8 .K36 2006 c.2</subfield>
    <subfield code="p">019125</subfield>
    <subfield code="r">2017-09-27 00:00:00</subfield>
    <subfield code="t">c.2</subfield>
    <subfield code="w">2015-12-17</subfield>
    <subfield code="y">BK</subfield>
  </datafield>
  <datafield tag="952" ind1=" " ind2=" ">
    <subfield code="0">0</subfield>
    <subfield code="1">0</subfield>
    <subfield code="2">lcc</subfield>
    <subfield code="7">0</subfield>
    <subfield code="a">KABU</subfield>
    <subfield code="b">KABU</subfield>
    <subfield code="d">2015-12-17</subfield>
    <subfield code="i">2015/1554</subfield>
    <subfield code="l">0</subfield>
    <subfield code="o">KTW46.8 .K36 2006 c.16</subfield>
    <subfield code="p">019113</subfield>
    <subfield code="r">2017-09-27 00:00:00</subfield>
    <subfield code="t">c.16</subfield>
    <subfield code="w">2015-12-17</subfield>
    <subfield code="y">BK</subfield>
  </datafield>
  <datafield tag="952" ind1=" " ind2=" ">
    <subfield code="0">0</subfield>
    <subfield code="1">0</subfield>
    <subfield code="2">lcc</subfield>
    <subfield code="7">0</subfield>
    <subfield code="a">KABU</subfield>
    <subfield code="b">KABU</subfield>
    <subfield code="d">2015-12-17</subfield>
    <subfield code="i">2015/1540</subfield>
    <subfield code="l">0</subfield>
    <subfield code="o">KTW46.8 .K36 2006 c.3</subfield>
    <subfield code="p">019114</subfield>
    <subfield code="r">2017-09-27 00:00:00</subfield>
    <subfield code="t">c.3</subfield>
    <subfield code="w">2015-12-17</subfield>
    <subfield code="y">BK</subfield>
  </datafield>
  <datafield tag="952" ind1=" " ind2=" ">
    <subfield code="0">0</subfield>
    <subfield code="1">0</subfield>
    <subfield code="2">lcc</subfield>
    <subfield code="7">0</subfield>
    <subfield code="a">KABU</subfield>
    <subfield code="b">KABU</subfield>
    <subfield code="d">2015-12-17</subfield>
    <subfield code="i">2015/1544</subfield>
    <subfield code="l">0</subfield>
    <subfield code="o">KTW46.8 .K36 2006 c.13</subfield>
    <subfield code="p">019126</subfield>
    <subfield code="r">2017-09-27 00:00:00</subfield>
    <subfield code="t">c.13</subfield>
    <subfield code="w">2015-12-17</subfield>
    <subfield code="y">BK</subfield>
  </datafield>
  <datafield tag="952" ind1=" " ind2=" ">
    <subfield code="0">0</subfield>
    <subfield code="1">0</subfield>
    <subfield code="2">lcc</subfield>
    <subfield code="7">0</subfield>
    <subfield code="a">KABU</subfield>
    <subfield code="b">KABU</subfield>
    <subfield code="d">2015-12-17</subfield>
    <subfield code="i">2015/1539</subfield>
    <subfield code="l">0</subfield>
    <subfield code="o">KTW46.8 .K36 2006 c.19</subfield>
    <subfield code="p">019112</subfield>
    <subfield code="r">2017-09-27 00:00:00</subfield>
    <subfield code="t">c.19</subfield>
    <subfield code="w">2015-12-17</subfield>
    <subfield code="y">BK</subfield>
  </datafield>
  <datafield tag="952" ind1=" " ind2=" ">
    <subfield code="0">0</subfield>
    <subfield code="1">0</subfield>
    <subfield code="2">lcc</subfield>
    <subfield code="7">0</subfield>
    <subfield code="a">KABU</subfield>
    <subfield code="b">KABU</subfield>
    <subfield code="d">2015-12-17</subfield>
    <subfield code="i">2015/1546</subfield>
    <subfield code="l">0</subfield>
    <subfield code="o">KTW46.8 .K36 2006 c.17</subfield>
    <subfield code="p">019111</subfield>
    <subfield code="r">2017-09-27 00:00:00</subfield>
    <subfield code="t">c.17</subfield>
    <subfield code="w">2015-12-17</subfield>
    <subfield code="y">BK</subfield>
  </datafield>
</record>
